Nutrition and physical fitness /

Bibliographic Details
Main Author: Bogert, L. Jean (Lotta Jean), 1888-1970
Other Authors: Briggs, George M. (George McSpadden), 1919-, Calloway, Doris Howes
Format: Book
Language:English
Published: Philadelphia : Saunders, 1973.
Edition:9th ed.
Subjects:

MARC

Tag First Indicator Second Indicator Subfields
LEADER 00000cam a2200000 4500
001 in00000299421
005 20151010154219.0
008 730206s1973 paua b 00110 eng
010 |a  76188385  
020 |a 0721618170 
035 |a (OCoLC)00570047 
035 |9 ABJ2351AM 
040 |a DLC  |c DLC  |d TXA  |d UtOrBLW 
049 |a TXAM [ALSO IN] [MED SCI] [QU] [145.3] [B674N] [1973]  |c 1 [1147672]  |c 2 [1540752] 
050 0 0 |a TX354  |b .B6 1973 
082 0 |a 641.1 
096 |a QU 145.3 B674n 1973 
100 1 |a Bogert, L. Jean  |q (Lotta Jean),  |d 1888-1970. 
245 1 0 |a Nutrition and physical fitness /  |c [by] L. Jean Bogert, George M. Briggs [and] Doris Howes Calloway. 
250 |a 9th ed. 
264 1 |a Philadelphia :  |b Saunders,  |c 1973. 
300 |a xi, 598 pages :  |b illustrations ;  |c 26 cm. 
336 |a text  |b txt  |2 rdacontent 
337 |a unmediated  |b n  |2 rdamedia 
338 |a volume  |b nc  |2 rdacarrier 
504 |a Includes bibliographies. 
650 0 |a Nutrition. 
650 2 |a Diet. 
650 2 |a Nutritional Physiological Phenomena. 
650 2 |a Physical Fitness. 
700 1 |a Briggs, George M.  |q (George McSpadden),  |d 1919- 
700 1 |a Calloway, Doris Howes. 
999 |a MARS 
999 f f |s 78d19933-b263-3547-ae5f-85070a3ae59e  |i d6e2c955-b697-3050-8da5-27275e7d2cdb  |t 0 
952 f f |p normal  |a Texas A&M University  |b College Station  |c Sterling C. Evans Library  |d Evans: Library Stacks  |t 0  |e TX354 .B6 1973  |h Library of Congress classification  |i unmediated -- volume  |m A14805671390 
998 f f |a TX354 .B6 1973  |t 0  |l Evans: Library Stacks